|
|
|
|
| LEADER |
00000nam a2200000 a 4500 |
| 001 |
vtls001426022 |
| 003 |
SK-MaSNL |
| 005 |
20260302001758.0 |
| 008 |
240318s1977 xo a cr 0 01 eng |
| 020 |
|
|
|q (viaz.)
|c 90,00
|
| 035 |
|
|
|a SNK000380947
|
| 040 |
|
|
|a SNK
|b slo
|c SNK
|e AACR2
|
| 041 |
0 |
|
|a slo
|
| 044 |
|
|
|a xo
|c SK
|
| 080 |
|
|
|a 802.0(02.053.2)
|2 1981
|
| 100 |
1 |
|
|a Spálený, Eugen
|4 aut
|9 280073
|
| 245 |
1 |
0 |
|a John, Spot and Muff on holiday
|b a picture textbook of English for children
|c Eugen Spálený, Eva Ružičková, David M. Bloch ; ilustr. Jarmila Dicová-Ondrejková
|
| 260 |
|
|
|a Bratislava
|b Mladé letá
|c 1977
|
| 300 |
|
|
|a 141 s., [9] obr. príl.
|c 27x27 cm
|
| 650 |
0 |
7 |
|a angličtina
|x knihy pre deti ilustrované
|2 SNK
|9 638218
|
| 700 |
1 |
|
|a Ružičková, Eva,
|d 1946-
|4 aut
|9 190481
|
| 700 |
1 |
|
|a Bloch, David M.
|4 aut
|9 638219
|
| 700 |
1 |
|
|a Dicová-Ondrejková, Jarmila,
|d 1940-
|4 ill
|9 98160
|
| 958 |
|
|
|a OND
|
| 999 |
|
|
|c 985245
|d 987175
|
| 952 |
|
|
|a SNK
|b SNK
|y PREZ
|7 0
|p 17A0305416
|o snkSB 64285
|i snkK 1529/2001
|8 3
|0 0
|1 0
|4 0
|d 2001-12-17
|f 1
|l 0
|r 2025-04-14 00:00:00
|w 2026-02-24
|
| 952 |
|
|
|a SNK
|b SNK
|y VYP
|7 0
|p 17A1123337
|o snkSB 64285 D1
|i snk2015/29684
|8 1
|0 0
|1 0
|4 0
|d 2015-10-26
|l 0
|r 2026-02-24 11:31:14
|w 2026-02-24
|
| 952 |
|
|
|t Príloha: 9 voľných listov
|a SNK
|b SNK
|y PREZ
|7 0
|p 17A1053244
|o snkSB 64285 príl.
|i snkK 1529/2001
|8 3
|3 Príloha: 9 voľných listov
|z Príloha: 9 voľných listov
|0 0
|1 0
|4 0
|d 2013-01-30
|l 0
|r 2025-04-14 00:00:00
|w 2026-02-24
|